000 00253nam a22001097a 4500
082 _a808.3 THA'V
100 _aTHACKERAY, W. M
_957778
245 _aVANITY FAIR A NOVEL WITHOUT A HERO
260 _aLONDON
_bCOLLINS
_c1954
300 _a640P
942 _cBK
999 _c568034
_d568034